00461nam a22001457a 4500020001800000082001400018100001400032245005500046260003400101300000800135650001300143942000700156952013500163999001700298 a9789385285806 a294.5 SAM aSamparpan aLiving Hinduism: Scriptures, Philosophy, Practices aNew DelhibNiyogi Booksc2017 a240 aHinduism cBK 001040708NFICaHMIbHMIcGENd2020-09-15eDasgupta Publishers, Kolkatag395.00l0o294.5 SAMp25711r2020-09-18w2020-09-18yBK c23037d23037